LIBRARY ONLINE CATALOGUE

Analysis and design of information systems. (Record no. 2489)

MARC details
000 -LEADER
fixed length control field 00632cam a22002172 4500
001 - CONTROL NUMBER
control field 0000004147
005 - DATE AND TIME OF LATEST TRANSACTION
control field 20151217145756.0
008 - FIXED-LENGTH DATA ELEMENTS--GENERAL INFORMATION
fixed length control field 070521s xx 000 0 eng d
020 ## - INTERNATIONAL STANDARD BOOK NUMBER
International Standard Book Number 0387950389 :
Terms of availability GBP 38.50
040 ## - CATALOGING SOURCE
Original cataloging agency KABU
Transcribing agency KABU
050 #0 - LIBRARY OF CONGRESS CALL NUMBER
Classification number QA76.76
Item number .D4L36 2001
100 1# - MAIN ENTRY--PERSONAL NAME
Personal name Langer, Arthur M.
-- 0000154560
245 10 - TITLE STATEMENT
Title Analysis and design of information systems.
250 ## - EDITION STATEMENT
Edition statement 2nd ed.
260 ## - PUBLICATION, DISTRIBUTION, ETC. (IMPRINT)
Place of publication, distribution, etc. New York :
Name of publisher, distributor, etc. Springer,
Date of publication, distribution, etc. 2001.
300 ## - PHYSICAL DESCRIPTION
Extent xiv, 281 p.
650 #0 - SUBJECT ADDED ENTRY--TOPICAL TERM
Topical term or geographic name as entry element Computer software
General subdivision Development.
-- 0000148175
908 ## - PUT COMMAND PARAMETER (RLIN)
Put command parameter 070521
950 ## - LOCAL HOLDINGS (RLIN)
-- 1
Holdings
Withdrawn status Lost status Source of classification or shelving scheme Not for loan Home library Current library Date acquired Total Checkouts Full call number Barcode Date last seen Date last checked out Price effective from Koha item type
    Library of Congress Classification   Kabarak, Main Campus Kabarak, Main Campus 17/12/2015 1 QA76.76 .D4L36 2001 003761 27/06/2017 12/06/2017 17/12/2015 General Collection